| 000 | 00568nam a2200205 a 4500 | ||
|---|---|---|---|
| 005 | 20250408063820.0 | ||
| 008 | 991125s1983 mx 000 0 spa u | ||
| 035 | _aUPN01000005176 | ||
| 049 | _aCG | ||
| 050 | 4 |
_aLC31 _bT6.38 1983 |
|
| 100 | 1 | _aTolley, William Pearson | |
| 245 | 1 | 3 |
_aLa aventura de aprender / _cWilliam Pearson Tolley. |
| 250 | _a2a ed. | ||
| 260 |
_aMéxico : _bGernika, _c1983. |
||
| 300 | _a96 p. | ||
| 440 | 0 |
_aComunicación. _pBiblioteca pedagógica ; _v10 |
|
| 650 | 4 |
_aAprendizaje _92861 |
|
| 650 | 4 |
_aAutoeducación _92905 |
|
| 905 | _aLibro | ||
| 999 |
_c5176 _d5176 |
||